[Event "Julius Baer GenCup Pl/In"]
[Site "Chess.com INT"]
[Date "2024.09.25"]
[Round "1"]
[White "Yang, Kaiqi"]
[Black "Meskovs, Nikita"]
[Result "0-1"]
[WhiteElo "2481"]
[BlackElo "2534"]
[PlyCount "168"]
[GameId "2107989761122630"]
[EventDate "2024.09.25"]
[EventType "swiss (rapid)"]
[EventRounds "9"]
[EventCountry "GER"]
[SourceTitle "EXT 2025"]
[Source "ChessBase"]
[SourceDate "2024.10.14"]
[SourceVersion "1"]
[SourceVersionDate "2024.10.14"]
[SourceQuality "1"]

1. e4 e5 2. Nf3 Nc6 3. Bc4 Bc5 4. c3 Nf6 5. d3 a5 6. a4 d6 7. O-O O-O 8. Bg5 h6 9. Bh4 Be6 10. Nbd2 Ba7 11. Re1 Re8 12. Bb5 Bd7 13. Nf1 Kh7 14. Ne3 Rg8 15. Qc2 g5 16. Bg3 Nh5 17. Rad1 f6 18. d4 Qe8 19. Nd5 Rc8 20. Be2 Rf8 21. Nd2 Kg7 22. Nb3 Nxg3 23. hxg3 h5 24. Rd2 Rh8 25. Qd1 h4 26. Bg4 Rh7 27. Ne3 Ne7 28. Nxa5 Bxa4 29. b3 Bd7 30. Bxd7 Qxd7 31. g4 h3 32. g3 b5 33. b4 Qe6 34. Qb3 Kf7 35. Kh2 Bb6 36. Qxe6+ Kxe6 37. Nb3 Ra8 38. Nf5 Ra3 39. Rb1 Nxf5 40. gxf5+ Ke7 41. g4 Rh8 42. Rd3 Rh4 43. Rxh3 Rxg4 44. f3 Ra2+ 45. Kh1 Rgg2 46. Rh7+ Kd8 47. dxe5 dxe5 48. Rd1+ Kc8 49. Nc5 Bxc5 50. bxc5 Kb7 51. Rdd7 Rge2 52. c6+ Kb6 53. Rd1 Re3 54. Rf7 Rxf3 55. Rxf6 g4 56. Rg6 g3 57. f6 Raf2 58. Kg1 Rxc3 59. Rxg3 Rxg3+ 60. Kxf2 Rg6 61. Rd5 Rxf6+ 62. Ke3 Re6 63. Kd3 Kxc6 64. Kc3 Kb6 65. Kb4 c6 66. Rd8 c5+ 67. Kc3 Kc7 68. Rd5 Kc6 69. Rd8 Rf6 70. Rc8+ Kb6 71. Rb8+ Ka6 72. Ra8+ Kb7 73. Re8 Rf3+ 74. Kb2 b4 75. Rxe5 Kc6 76. Re8 c4 77. Rc8+ Kb5 78. Rb8+ Kc5 79. e5 Rf2+ 80. Kc1 Re2 81. Re8 b3 82. e6 b2+ 83. Kb1 c3 84. e7 Re1+ 0-1

[Event "Julius Baer GenCup Pl/In"]
[Site "Chess.com INT"]
[Date "2024.09.25"]
[Round "3"]
[White "Bartel, Mateusz"]
[Black "Yang, Kaiqi"]
[Result "1-0"]
[WhiteElo "2618"]
[BlackElo "2481"]
[PlyCount "125"]
[GameId "2107989761126823"]
[EventDate "2024.09.25"]
[EventType "swiss (rapid)"]
[EventRounds "9"]
[EventCountry "GER"]
[SourceTitle "EXT 2025"]
[Source "ChessBase"]
[SourceDate "2024.10.14"]
[SourceVersion "1"]
[SourceVersionDate "2024.10.14"]
[SourceQuality "1"]

1. d4 Nf6 2. Nf3 g6 3. Nbd2 d5 4. e3 a5 5. c4 c6 6. Bd3 Bg7 7. h3 O-O 8. O-O a4 9. Qe2 Nbd7 10. e4 dxe4 11. Nxe4 Nxe4 12. Bxe4 a3 13. Rd1 axb2 14. Bxb2 Nb6 15. d5 Bxb2 16. Qxb2 Nxc4 17. Qc1 Nd6 18. dxc6 bxc6 19. Bxc6 Ra5 20. Bd5 Qb6 21. Rb1 Qa7 22. Rb4 Be6 23. Bxe6 fxe6 24. Rf4 Rxf4 25. Qxf4 Rxa2 26. Ng5 Ra1 27. Qg4 Rxd1+ 28. Qxd1 Qa2 29. h4 Qd5 30. Qg4 Qf5 31. Qa4 h6 32. Nf3 Kg7 33. Qd4+ Qf6 34. Qa7 Nf5 35. Qa4 e5 36. Qe4 Nd6 37. Qxe5 Qxe5 38. Nxe5 g5 39. h5 Ne4 40. g4 Kf6 41. Nd3 Nc3 42. f3 Nd5 43. Kf2 e5 44. Nc5 Nf4 45. Ke3 Nd5+ 46. Ke4 Nc3+ 47. Kd3 Nd5 48. Kc4 Ne3+ 49. Kc3 Nd5+ 50. Kd3 Nb6 51. Ne4+ Ke6 52. Ng3 Nd5 53. Nf5 Nf4+ 54. Ke4 Kf6 55. Nxh6 Ne2 56. Nf5 Nc3+ 57. Kd3 Nd5 58. Ng3 Ne7 59. Ne4+ Kg7 60. Nxg5 Nd5 61. Ke4 Nc3+ 62. Kxe5 Ne2 63. Ne4 1-0

[Event "Julius Baer GenCup Pl/In"]
[Site "Chess.com INT"]
[Date "2024.09.25"]
[Round "5"]
[White "Blomqvist, Erik"]
[Black "Yang, Kaiqi"]
[Result "1-0"]
[WhiteElo "2491"]
[BlackElo "2481"]
[PlyCount "119"]
[GameId "2107989761135192"]
[EventDate "2024.09.25"]
[EventType "swiss (rapid)"]
[EventRounds "9"]
[EventCountry "GER"]
[SourceTitle "EXT 2025"]
[Source "ChessBase"]
[SourceDate "2024.10.14"]
[SourceVersion "1"]
[SourceVersionDate "2024.10.14"]
[SourceQuality "1"]

1. e4 c5 2. Nc3 d6 3. Bb5+ Bd7 4. Bxd7+ Qxd7 5. d4 cxd4 6. Qxd4 Nc6 7. Qd3 g6 8. Nf3 Bg7 9. O-O Nf6 10. Nd5 Rc8 11. Bg5 Ng4 12. h3 Nge5 13. Nxe5 Nxe5 14. Qe2 Nc6 15. c3 h6 16. Bh4 g5 17. Bg3 Be5 18. Qh5 Qe6 19. Rad1 Qg6 20. Qg4 Qe6 21. Qf3 h5 22. h4 gxh4 23. Bxh4 Qg4 24. Qh3 Rg8 25. Rd3 e6 26. Nf6+ Bxf6 27. Bxf6 Ne5 28. Rg3 Qxh3 29. Rxh3 Ng4 30. Bd4 e5 31. Bxa7 Ra8 32. Bb6 Rxa2 33. Rb1 Nf6 34. f3 d5 35. Bc7 dxe4 36. Bxe5 Ke7 37. Kf2 Nd7 38. Bd4 exf3 39. gxf3 Rg5 40. c4 Nc5 41. Ke3 Ne6 42. Bc3 Rf5 43. Rh4 b5 44. Rbh1 bxc4 45. Rxc4 Ra7 46. Rch4 Nc7 47. Ke4 Rb5 48. Rxh5 Ra4+ 49. Kd3 Nd5 50. Bd2 Rb3+ 51. Kc2 Rxf3 52. Rxd5 Rf2 53. Re1+ Kf8 54. Kc3 Ra7 55. Bh6+ Kg8 56. Be3 Rc7+ 57. Rc5 Rxc5+ 58. Bxc5 Rf5 59. b4 f6 60. Kc4 1-0

[Event "Julius Baer GenCup Pl/In"]
[Site "Chess.com INT"]
[Date "2024.09.25"]
[Round "7"]
[White "Volokitin, Andrei"]
[Black "Yang, Kaiqi"]
[Result "1-0"]
[WhiteElo "2660"]
[BlackElo "2481"]
[PlyCount "133"]
[GameId "2107989761143619"]
[EventDate "2024.09.25"]
[EventType "swiss (rapid)"]
[EventRounds "9"]
[EventCountry "GER"]
[SourceTitle "EXT 2025"]
[Source "ChessBase"]
[SourceDate "2024.10.14"]
[SourceVersion "1"]
[SourceVersionDate "2024.10.14"]
[SourceQuality "1"]

1. e4 c5 2. Nf3 d6 3. d4 cxd4 4. Nxd4 Nf6 5. Nc3 a6 6. Be3 Ng4 7. Bc1 Nf6 8. f3 e5 9. Nb3 Be6 10. Be3 h5 11. Nd5 Nbd7 12. c4 Bxd5 13. cxd5 Rc8 14. Qd2 Be7 15. Na5 Qc7 16. Rc1 Qb8 17. Rxc8+ Qxc8 18. Qb4 O-O 19. Qxb7 Bd8 20. Qxc8 Bxa5+ 21. Qc3 Bxc3+ 22. bxc3 Rb8 23. Bc1 Nc5 24. Kd2 Nfd7 25. Kc2 g6 26. g3 Kf8 27. Bh3 Ke7 28. Ba3 Na4 29. Bb4 a5 30. Ba3 Rc8 31. Kb3 Ndc5+ 32. Kc2 Nd7 33. Bb2 Nxb2 34. Bxd7 Kxd7 35. Kxb2 f5 36. exf5 gxf5 37. Kb3 Rb8+ 38. Kc2 Rb5 39. c4 Rb4 40. Kc3 Ra4 41. Kb3 Rb4+ 42. Kc3 Ra4 43. Rb1 Rxa2 44. Rb7+ Kd8 45. c5 dxc5 46. Kc4 Rc2+ 47. Kd3 Rxh2 48. Rf7 e4+ 49. fxe4 fxe4+ 50. Kxe4 Rg2 51. d6 Rxg3 52. Kd5 Rd3+ 53. Kc6 Ke8 54. Rh7 c4 55. d7+ Kd8 56. Rh8+ Ke7 57. Re8+ Kf6 58. d8=Q+ Rxd8 59. Rxd8 Kf5 60. Kd5 c3 61. Rc8 Kf4 62. Rc4+ Kf3 63. Rxc3+ Kf4 64. Kd4 h4 65. Kd3 Kf3 66. Kd2+ Kf2 67. Rh3 1-0

[Event "Julius Baer GenCup Pl/In"]
[Site "Chess.com INT"]
[Date "2024.09.25"]
[Round "8"]
[White "Yang, Kaiqi"]
[Black "Kaufman, Larry C"]
[Result "1-0"]
[WhiteElo "2481"]
[BlackElo "2200"]
[PlyCount "71"]
[GameId "2107989761147793"]
[EventDate "2024.09.25"]
[EventType "swiss (rapid)"]
[EventRounds "9"]
[EventCountry "GER"]
[SourceTitle "EXT 2025"]
[Source "ChessBase"]
[SourceDate "2024.10.14"]
[SourceVersion "1"]
[SourceVersionDate "2024.10.14"]
[SourceQuality "1"]

1. e4 c5 2. b3 e5 3. Bb2 d6 4. f4 Nc6 5. Nf3 exf4 6. Bb5 Bd7 7. O-O Nf6 8. d3 Be7 9. Qd2 Nh5 10. Nc3 Bf6 11. Rab1 O-O 12. Nd5 Bxb2 13. Rxb2 Nb4 14. Nxb4 Bxb5 15. Nd5 Bc6 16. Nxf4 Qf6 17. Nxh5 Qxb2 18. Nh4 Bd7 19. Qg5 Kh8 20. Rf6 g6 21. Nf4 Qd4+ 22. Kf1 Qe5 23. Nf3 Qxg5 24. Nxg5 Kg7 25. Rxd6 Rad8 26. e5 Bc6 27. Rxd8 Rxd8 28. Nge6+ fxe6 29. Nxe6+ Kf7 30. Nxd8+ Ke7 31. Nxc6+ bxc6 32. c3 Ke6 33. d4 cxd4 34. cxd4 a5 35. Ke2 c5 36. Kd3 1-0

[Event "Titled Tuesday 2025.03.11 Early"]
[Site "Chess.com INT"]
[Date "2025.03.11"]
[Round "1"]
[White "Yang, Kaiqi"]
[Black "Henriquez Villagra, Cristobal"]
[Result "0-1"]
[WhiteElo "2481"]
[BlackElo "2597"]
[PlyCount "112"]
[GameId "2156576497133996"]
[EventDate "2025.03.11"]
[EventType "swiss (blitz)"]
[EventRounds "11"]
[EventCountry "NET"]
[SourceTitle "Mega2025 Update 20"]
[Source "Chessbase"]
[SourceDate "2025.03.21"]
[SourceVersion "1"]
[SourceVersionDate "2025.03.21"]
[SourceQuality "1"]

1. d4 d5 2. Nc3 e6 3. e4 h6 4. Bd3 Nc6 5. Nf3 Nf6 6. O-O Nb4 7. Re1 Nxd3 8. Qxd3 Be7 9. Ne5 O-O 10. Qg3 Kh7 11. Qd3 Kg8 12. Bf4 Bb4 13. exd5 exd5 14. Re3 Nh5 15. Bg3 c6 16. Ne2 Nxg3 17. Rxg3 Bd6 18. Nf4 Qh4 19. Qf3 g5 20. Nh5 f5 21. Ng6 Qxd4 22. Nxf8 Kxf8 23. Rd1 Qe4 24. Qc3 Qe5 25. Qxe5 Bxe5 26. Re3 Bh8 27. Rde1 Bd7 28. Re7 Be8 29. Rh7 Bxb2 30. Rxh6 Bxh5 31. Rxh5 Bf6 32. Rh6 Kg7 33. Rh5 Kg6 34. Rh3 g4 35. Rb3 b5 36. f3 gxf3 37. gxf3 Kf7 38. Kf1 a5 39. a4 b4 40. Re2 d4 41. Rd3 c5 42. f4 c4 43. Rh3 Rg8 44. Rh7+ Rg7 45. Rxg7+ Bxg7 46. Ke1 d3 47. cxd3 c3 48. Kd1 b3 49. Rg2 Bd4 50. Rg5 c2+ 51. Kd2 Be3+ 52. Kxe3 c1=Q+ 53. Kd4 b2 54. Rxf5+ Kg6 55. Re5 b1=Q 56. Re4 Qb4+ 0-1

[Event "Titled Tuesday 2025.03.11 Early"]
[Site "Chess.com INT"]
[Date "2025.03.11"]
[Round "2"]
[White "Kjaergaard Jensen, Jesper"]
[Black "Yang, Kaiqi"]
[Result "0-1"]
[WhiteElo "2081"]
[BlackElo "2481"]
[PlyCount "122"]
[GameId "2156576497232516"]
[EventDate "2025.03.11"]
[EventType "swiss (blitz)"]
[EventRounds "11"]
[EventCountry "NET"]
[SourceTitle "Mega2025 Update 20"]
[Source "Chessbase"]
[SourceDate "2025.03.21"]
[SourceVersion "1"]
[SourceVersionDate "2025.03.21"]
[SourceQuality "1"]

1. d4 Nf6 2. Nf3 g6 3. c3 Bg7 4. Bg5 h6 5. Bxf6 exf6 6. Nbd2 f5 7. g3 d6 8. e3 Nd7 9. Bg2 Nf6 10. O-O O-O 11. Re1 Re8 12. Qc2 c6 13. Nc4 Ne4 14. Nfd2 d5 15. Nxe4 fxe4 16. Nd2 h5 17. c4 h4 18. Rac1 h3 19. Bf1 Be6 20. Qb3 Qd7 21. cxd5 Bxd5 22. Bc4 Bf8 23. Bxd5 cxd5 24. Rc2 Rac8 25. Rec1 Rxc2 26. Qxc2 Bb4 27. Kf1 Qf5 28. Ke1 Qf3 29. Kf1 Bxd2 30. Qxd2 Qh1+ 31. Ke2 Qxh2 32. Rf1 Qg2 33. Qc1 Re6 34. Qe1 Rc6 35. Kd2 g5 36. Qe2 Qf3 37. Qxf3 exf3 38. g4 Kg7 39. Rh1 Rh6 40. e4 dxe4 41. Ke3 f5 42. gxf5 Kf6 43. Kxe4 g4 44. Kf4 Rh4 45. Kg3 Kg5 46. d5 Rh6 47. Re1 Rd6 48. Re4 Kxf5 49. Rf4+ Ke5 50. Rxg4 Rh6 51. Kh2 Kxd5 52. Rf4 b5 53. Rxf3 a5 54. Rxh3 Rc6 55. Rb3 b4 56. Rd3+ Ke4 57. Rd2 Kf3 58. Kg1 Rc1+ 59. Kh2 Rc4 60. a3 a4 61. axb4 Rxb4 0-1

[Event "Titled Tuesday 2025.03.11 Early"]
[Site "Chess.com INT"]
[Date "2025.03.11"]
[Round "3"]
[White "Garayev, Kanan Farzali Oglu"]
[Black "Yang, Kaiqi"]
[Result "1-0"]
[WhiteElo "2336"]
[BlackElo "2481"]
[PlyCount "61"]
[GameId "2156576497261261"]
[EventDate "2025.03.11"]
[EventType "swiss (blitz)"]
[EventRounds "11"]
[EventCountry "NET"]
[SourceTitle "Mega2025 Update 20"]
[Source "Chessbase"]
[SourceDate "2025.03.21"]
[SourceVersion "1"]
[SourceVersionDate "2025.03.21"]
[SourceQuality "1"]

1. d4 Nf6 2. c4 g6 3. Nc3 d5 4. cxd5 Nxd5 5. e4 Nxc3 6. bxc3 Bg7 7. Bc4 c5 8. Ne2 O-O 9. Be3 Nc6 10. Rc1 b6 11. h4 Na5 12. Bd3 e5 13. dxc5 Qc7 14. cxb6 axb6 15. c4 Rd8 16. h5 Nc6 17. Qb3 Na5 18. Qb1 Be6 19. Bxb6 Qd6 20. Bxd8 Rxd8 21. Rd1 Rb8 22. Qc1 Qc5 23. hxg6 hxg6 24. O-O Nc6 25. Nc3 Nd4 26. Nd5 Kh7 27. Qe3 Bh6 28. Qg3 Bxd5 29. Qxe5 Rd8 30. exd5 Bg7 31. Qe4 1-0

[Event "Titled Tuesday 2025.03.11 Early"]
[Site "Chess.com INT"]
[Date "2025.03.11"]
[Round "4"]
[White "Yang, Kaiqi"]
[Black "Zeydan, Salih"]
[Result "1-0"]
[WhiteElo "2481"]
[BlackElo "2079"]
[PlyCount "57"]
[GameId "2156576497355705"]
[EventDate "2025.03.11"]
[EventType "swiss (blitz)"]
[EventRounds "11"]
[EventCountry "NET"]
[SourceTitle "Mega2025 Update 20"]
[Source "Chessbase"]
[SourceDate "2025.03.21"]
[SourceVersion "1"]
[SourceVersionDate "2025.03.21"]
[SourceQuality "1"]

1. c4 c5 2. Nc3 Nc6 3. g3 g6 4. Bg2 Bg7 5. d3 Nf6 6. e4 d6 7. Nge2 O-O 8. O-O Bg4 9. f3 Bd7 10. Be3 Qc8 11. Rc1 e5 12. a3 Nd4 13. b4 b6 14. Nd5 Nxd5 15. cxd5 Ba4 16. Qe1 Nc2 17. Qd2 Nxe3 18. Qxe3 h5 19. Nc3 Bd7 20. Rc2 Kh7 21. Rb1 f5 22. bxc5 Bh6 23. Qf2 bxc5 24. Nb5 Bxb5 25. Rxb5 Qa6 26. Rb3 Rab8 27. Rcb2 Rb6 28. exf5 gxf5 29. Bh3 1-0

[Event "Titled Tuesday 2025.03.11 Early"]
[Site "Chess.com INT"]
[Date "2025.03.11"]
[Round "5"]
[White "Yang, Kaiqi"]
[Black "Antonio, Rogelio Jr"]
[Result "1-0"]
[WhiteElo "2481"]
[BlackElo "2363"]
[PlyCount "85"]
[GameId "2156576497450142"]
[EventDate "2025.03.11"]
[EventType "swiss (blitz)"]
[EventRounds "11"]
[EventCountry "NET"]
[SourceTitle "Mega2025 Update 20"]
[Source "Chessbase"]
[SourceDate "2025.03.21"]
[SourceVersion "1"]
[SourceVersionDate "2025.03.21"]
[SourceQuality "1"]

1. d4 Nf6 2. Nc3 d5 3. Bf4 e6 4. e3 Bb4 5. Bd3 c5 6. dxc5 Nbd7 7. Nge2 Nxc5 8. a3 Ba5 9. Bb5+ Ncd7 10. O-O O-O 11. Bg5 h6 12. Bh4 Ne5 13. e4 a6 14. Bd3 d4 15. Nb1 Ng6 16. Bg3 e5 17. Nd2 Nh5 18. Nc4 Bc7 19. a4 Be6 20. b3 Qe7 21. Kh1 Rad8 22. Qd2 Nhf4 23. a5 h5 24. Bxf4 exf4 25. Ng1 Bxc4 26. bxc4 Ne5 27. Nf3 g5 28. Rfb1 g4 29. Nxe5 Bxe5 30. f3 Rd6 31. Rb6 Rxb6 32. axb6 Qf6 33. Qa5 Re8 34. Rb1 Kg7 35. Qd5 Re7 36. c5 Qh4 37. Bc4 Qf2 38. Rf1 Qxc2 39. c6 bxc6 40. Qxc6 d3 41. b7 d2 42. Bd5 d1=Q 43. Qg6+ 1-0

[Event "Titled Tuesday 2025.03.11 Early"]
[Site "Chess.com INT"]
[Date "2025.03.11"]
[Round "6"]
[White "Davudov, Tunar"]
[Black "Yang, Kaiqi"]
[Result "0-1"]
[WhiteElo "2236"]
[BlackElo "2481"]
[PlyCount "68"]
[GameId "2156576497495305"]
[EventDate "2025.03.11"]
[EventType "swiss (blitz)"]
[EventRounds "11"]
[EventCountry "NET"]
[SourceTitle "Mega2025 Update 20"]
[Source "Chessbase"]
[SourceDate "2025.03.21"]
[SourceVersion "1"]
[SourceVersionDate "2025.03.21"]
[SourceQuality "1"]

1. e4 c5 2. Nf3 a6 3. d4 cxd4 4. Nxd4 Nf6 5. Nc3 e5 6. Nb3 Bb4 7. Bd3 Bxc3+ 8. bxc3 d6 9. O-O Be6 10. c4 O-O 11. Ba3 Qc7 12. c5 d5 13. c6 Rd8 14. cxb7 Qxb7 15. Nc5 Qc6 16. Nxe6 Qxe6 17. exd5 Rxd5 18. Qe2 Nc6 19. Bc4 Nd4 20. Qd1 Rc8 21. Bxd5 Nxd5 22. Bb2 Nc3 23. Bxc3 Rxc3 24. Rb1 g6 25. Qd2 Kg7 26. Rb2 Qc4 27. Re1 Qc5 28. h3 h6 29. Kh1 Qc6 30. Rxe5 Rxh3+ 31. Kg1 Nf3+ 32. gxf3 Qxf3 33. Rh5 Rxh5 34. Qd4+ Kh7 0-1

[Event "Titled Tuesday 2025.03.11 Early"]
[Site "Chess.com INT"]
[Date "2025.03.11"]
[Round "7"]
[White "Mayank, Chakraborty"]
[Black "Yang, Kaiqi"]
[Result "1/2-1/2"]
[WhiteElo "2444"]
[BlackElo "2481"]
[PlyCount "149"]
[GameId "2156576497602071"]
[EventDate "2025.03.11"]
[EventType "swiss (blitz)"]
[EventRounds "11"]
[EventCountry "NET"]
[SourceTitle "Mega2025 Update 20"]
[Source "Chessbase"]
[SourceDate "2025.03.21"]
[SourceVersion "1"]
[SourceVersionDate "2025.03.21"]
[SourceQuality "1"]

1. Nf3 c5 2. c4 Nc6 3. g3 g6 4. Bg2 Bg7 5. O-O Nh6 6. Nc3 O-O 7. d3 Nf5 8. Bg5 h6 9. Bd2 d6 10. Rb1 a6 11. Qc1 Kh7 12. a3 Rb8 13. b4 cxb4 14. axb4 Bd7 15. b5 axb5 16. Nxb5 e5 17. e4 Nfd4 18. Nfxd4 Nxd4 19. Nxd4 exd4 20. Qa3 Bc6 21. Bb4 Ra8 22. Qb2 f5 23. exf5 Rxf5 24. f4 Rf7 25. Ra1 Rxa1 26. Rxa1 Re7 27. Re1 Re3 28. f5 gxf5 29. Qf2 Qg5 30. Bxd6 Rxd3 31. Bf4 Qg6 32. Bxc6 Qxc6 33. Bxh6 Rf3 34. Qe2 Kxh6 35. Qe7 Re3 36. Rxe3 dxe3 37. Qxe3+ Kg6 38. Qd3 Qe4 39. Qd6+ Bf6 40. c5 Qe1+ 41. Kg2 Qe2+ 42. Kh3 Qg4+ 43. Kg2 Qe4+ 44. Kh3 Qe5 45. Qb6 Qd5 46. Qb1 Qf3 47. Qb5 Kh6 48. Qc4 Kg6 49. Qb5 Be5 50. Qe8+ Kh6 51. Qxe5 Qf1+ 52. Kh4 Qc4+ 53. Qf4+ Qxf4+ 54. gxf4 Kg6 55. Kg3 Kh5 56. Kh3 Kg6 57. Kh4 Kh6 58. h3 Kg6 59. Kg3 Kh5 60. Kf3 Kh4 61. Kg2 Kh5 62. Kg3 Kg6 63. Kh4 Kh6 64. Kg3 Kh5 65. h4 Kg6 66. Kf3 Kh5 67. Kg3 Kg6 68. h5+ Kxh5 69. Kh3 Kg6 70. Kh4 Kh6 71. Kh3 Kh5 72. Kg3 Kg6 73. Kh4 Kh6 74. Kg3 Kg6 75. Kh4 1/2-1/2

[Event "Titled Tuesday 2025.03.11 Early"]
[Site "Chess.com INT"]
[Date "2025.03.11"]
[Round "8"]
[White "Yang, Kaiqi"]
[Black "Ostensen, Nicolai Maxime"]
[Result "1-0"]
[WhiteElo "2481"]
[BlackElo "2211"]
[PlyCount "143"]
[GameId "2156576497663664"]
[EventDate "2025.03.11"]
[EventType "swiss (blitz)"]
[EventRounds "11"]
[EventCountry "NET"]
[SourceTitle "Mega2025 Update 20"]
[Source "Chessbase"]
[SourceDate "2025.03.21"]
[SourceVersion "1"]
[SourceVersionDate "2025.03.21"]
[SourceQuality "1"]

1. d4 Nf6 2. c4 g6 3. Nc3 Bg7 4. e4 d6 5. f3 e5 6. d5 O-O 7. Be3 c6 8. Bd3 cxd5 9. cxd5 Nh5 10. Nge2 f5 11. Qd2 fxe4 12. Nxe4 Bf5 13. O-O-O Bxe4 14. Bxe4 Nd7 15. Kb1 Nb6 16. Rc1 Qd7 17. g4 Nf4 18. Nxf4 exf4 19. Bd4 Rac8 20. b3 Bxd4 21. Qxd4 Qg7 22. Qxg7+ Kxg7 23. Kb2 Kf6 24. h4 Rxc1 25. Rxc1 Rc8 26. Rh1 h6 27. g5+ hxg5 28. hxg5+ Kg7 29. Rh6 Rh8 30. Rxg6+ Kf7 31. Rxd6 Rh2+ 32. Ka3 Ke7 33. Re6+ Kd7 34. g6 Rg2 35. Bf5 Kd8 36. d6 Rg5 37. Rf6 Ke8 38. Be6 Nd7 39. Rf7 Ne5 40. Rxb7 Kf8 41. g7+ Rxg7 42. Rxg7 Kxg7 43. d7 Nc6 44. Ka4 Kf6 45. Bg4 Ke7 46. Kb5 Ne5 47. Kc5 Nd3+ 48. Kc6 Kd8 49. Kd6 Nc1 50. Ke5 Nxa2 51. Kxf4 Nc1 52. Be6 Ke7 53. Ke5 Nd3+ 54. Kd4 Ne1 55. Bg4 Nc2+ 56. Kc3 Ne3 57. Kb4 Nd5+ 58. Ka5 Kd8 59. Ka6 Kc7 60. Kxa7 Nb4 61. f4 Nc6+ 62. Ka6 Nd4 63. Ka5 Nxb3+ 64. Kb4 Nd4 65. Kc4 Nc6 66. Be6 Kd6 67. f5 Ke7 68. Kd3 Nd8 69. Ke4 Kf6 70. Kf4 Nc6 71. Ke4 Nd8 72. Kd5 1-0

[Event "Titled Tuesday 2025.03.11 Early"]
[Site "Chess.com INT"]
[Date "2025.03.11"]
[Round "9"]
[White "Haug, Havard"]
[Black "Yang, Kaiqi"]
[Result "1-0"]
[WhiteElo "2338"]
[BlackElo "2481"]
[PlyCount "67"]
[GameId "2156576497688298"]
[EventDate "2025.03.11"]
[EventType "swiss (blitz)"]
[EventRounds "11"]
[EventCountry "NET"]
[SourceTitle "Mega2025 Update 20"]
[Source "Chessbase"]
[SourceDate "2025.03.21"]
[SourceVersion "1"]
[SourceVersionDate "2025.03.21"]
[SourceQuality "1"]

1. d4 e6 2. e4 d5 3. Nc3 Nf6 4. exd5 exd5 5. Bd3 Bb4 6. Nge2 O-O 7. O-O c6 8. Bg5 h6 9. Bf4 Re8 10. f3 Nbd7 11. a3 Bf8 12. Qd2 b5 13. Rfe1 Nb6 14. b3 b4 15. axb4 Bxb4 16. Ng3 a5 17. Rxe8+ Nxe8 18. Bxh6 Bxc3 19. Qxc3 gxh6 20. Qxc6 Be6 21. Re1 Qd6 22. Qc3 Qb4 23. Qa1 Ng7 24. Rd1 a4 25. bxa4 Qxa4 26. Qc1 Qxd4+ 27. Kh1 Qf6 28. Qe3 Nc4 29. Bxc4 dxc4 30. Ne4 Qb2 31. Qxh6 Ra1 32. Rg1 Rxg1+ 33. Kxg1 Qd4+ 34. Kf1 1-0

[Event "Titled Tuesday 2025.03.11 Early"]
[Site "Chess.com INT"]
[Date "2025.03.11"]
[Round "10"]
[White "Atakhan, Abtin"]
[Black "Yang, Kaiqi"]
[Result "0-1"]
[WhiteElo "2416"]
[BlackElo "2481"]
[PlyCount "54"]
[GameId "2156576497741689"]
[EventDate "2025.03.11"]
[EventType "swiss (blitz)"]
[EventRounds "11"]
[EventCountry "NET"]
[SourceTitle "Mega2025 Update 20"]
[Source "Chessbase"]
[SourceDate "2025.03.21"]
[SourceVersion "1"]
[SourceVersionDate "2025.03.21"]
[SourceQuality "1"]

1. Nf3 d5 2. g3 c6 3. Bg2 Bg4 4. O-O Nd7 5. h3 Bh5 6. d3 e5 7. c4 {is now debated instead of 7.e4. wird nun anstelle von 7.e4 disktutiert.} dxc4 8. d4 Bd6 $146 (8... e4 9. Ng5 Ngf6 10. Nc3 Be7 11. Ngxe4 O-O 12. Bf4 Nxe4 13. Nxe4 b5 14. Rc1 Nb6 {1-0 Meier,G (2628)-Maghsoodloo,P (2664) Chess24 Banter Blitz Cup chess24.com INT 2019 (2.3)}) 9. Na3 Bxa3 10. bxa3 exd4 11. Qxd4 Ngf6 12. Qxc4 O-O 13. a4 Re8 14. Rb1 Nb6 15. Qh4 Rxe2 16. a5 Nbd5 17. Rxb7 Qxa5 18. Nd4 Re1 19. g4 Bg6 20. g5 Ne4 21. Nxc6 Rxf1+ 22. Bxf1 Qc5 23. Ne5 Qxc1 24. Nxg6 Nd2 25. Ne5 Qxf1+ 26. Kh2 Qe2 27. Qd4 Qxe5+ 0-1

[Event "Titled Tuesday 2025.03.11 Early"]
[Site "Chess.com INT"]
[Date "2025.03.11"]
[Round "11"]
[White "Yang, Kaiqi"]
[Black "Yoo, Christopher Woojin"]
[Result "0-1"]
[WhiteElo "2481"]
[BlackElo "2588"]
[PlyCount "80"]
[GameId "2156576497795064"]
[EventDate "2025.03.11"]
[EventType "swiss (blitz)"]
[EventRounds "11"]
[EventCountry "NET"]
[SourceTitle "Mega2025 Update 20"]
[Source "Chessbase"]
[SourceDate "2025.03.21"]
[SourceVersion "1"]
[SourceVersionDate "2025.03.21"]
[SourceQuality "1"]

1. d4 Nf6 2. c4 e6 3. g3 c5 4. d5 exd5 5. cxd5 d6 6. Nc3 g6 7. Bg2 Bg7 8. Nf3 O-O 9. O-O a6 10. a4 Re8 11. Nd2 Nbd7 12. h3 Nh5 13. Nc4 Ne5 14. Na3 Bd7 15. a5 Qxa5 16. g4 Nf6 17. f4 Nexg4 18. hxg4 Nxg4 19. Rf3 Bd4+ 20. e3 Nxe3 21. Bxe3 Rxe3 22. Kh2 Qd8 23. Rxe3 Bxe3 24. Kg3 Bxf4+ 25. Kxf4 Qh4+ 26. Ke3 Re8+ 27. Be4 f5 28. Qf3 fxe4 29. Qf4 Qh3+ 30. Kd2 e3+ 31. Kc2 Qf5+ 32. Qxf5 Bxf5+ 33. Kd1 b5 34. Nc2 e2+ 35. Kd2 Bxc2 36. Nxe2 Bb3 37. Rxa6 Bxd5 38. Rxd6 Bc4 39. Nf4 Re4 40. Nd5 Rd4+ 0-1

[Event "Titled Tuesday 2025.03.04 Early"]
[Site "Chess.com INT"]
[Date "2025.03.04"]
[Round "1"]
[White "Montano Vicente, Guadalupe"]
[Black "Yang, Kaiqi"]
[Result "1/2-1/2"]
[WhiteElo "1970"]
[BlackElo "2481"]
[PlyCount "137"]
[GameId "2154035110432887"]
[EventDate "2025.03.04"]
[EventType "swiss (blitz)"]
[EventRounds "11"]
[EventCountry "NET"]
[SourceTitle "Mega2025 Update 19"]
[Source "Chessbase"]
[SourceDate "2025.03.15"]
[SourceVersion "1"]
[SourceVersionDate "2025.03.15"]
[SourceQuality "1"]

1. d4 Nf6 2. c4 e6 3. Nf3 c5 4. e3 b6 5. Nc3 cxd4 6. exd4 Bb7 7. a3 Be7 8. Be2 O-O 9. O-O d6 10. Bg5 Nbd7 11. Qd2 Rc8 12. b3 d5 13. Rfd1 dxc4 14. bxc4 Bxf3 15. Bxf3 Rxc4 16. d5 exd5 17. Nxd5 Nxd5 18. Qxd5 Bxg5 19. Qxc4 Qe7 20. Qe4 Qxe4 21. Bxe4 Nc5 22. Bf3 Bf6 23. Rab1 g6 24. g3 Kg7 25. Kg2 Rc8 26. Rdc1 Rc7 27. Rc2 Re7 28. Rd1 h5 29. h4 Na4 30. Rdc1 Nc5 31. Rd1 Na4 32. Rdd2 Nc3 33. Rd3 Rc7 34. Kh2 Rc5 35. Kg2 b5 36. Kh2 a5 37. Kg2 b4 38. axb4 axb4 39. Rb2 Rc4 40. Rb3 Na4 41. Bd5 Rc3 42. Rdxc3 bxc3 43. Be4 Nc5 44. Bc2 Nxb3 45. Bxb3 Bd4 46. Bc2 f5 47. f4 Kf6 48. Kf3 Ke6 49. Ke2 Kd5 50. Bb3+ Kc5 51. Bf7 Bf2 52. Bxg6 Bxg3 53. Bxf5 Bxh4 54. Bg6 Bg3 55. Bxh5 Bxf4 56. Bg6 Kb4 57. Bh7 Ka3 58. Bg6 Kb2 59. Bh7 Bg5 60. Bg6 Bd2 61. Bh7 Bh6 62. Bg6 Kb3 63. Bh7 Kc4 64. Bg6 Kd4 65. Bh7 Kc4 66. Bg6 Kb3 67. Bh7 Kb2 68. Bg6 c2 69. Bxc2 1/2-1/2